01565cam a2200193 i 4500020001800000020001800018082002300036100002800059245009000087260003300177300003400210504006900244520094200313650002501255650002301280650001101303650003501314650002201349 a9780367494544 a978036749453700a618.9285227bLIN-C1 aGoldman, Lindaeauthor.10aClimate change and youth :bturning grief and anxiety into activism /cLinda Goldman. aNew York:bRoutledge,c2022. axvi, 335p. :billustrations ; aIncludes bibliographical references (pages [308]-322) and index. a"Climate Change and Youth is a pioneering book that opens the door to understanding the profound impact climate change has on the mental health of today's young people. Chapters provide age-appropriate language for a meaningful dialogue and resources for acknowledging children's voices, separating fact from fiction about environmental issues, encouraging participation in activism, creating tools to reduce stress, and highlighting inspirational role models and organizations for action. The book includes firsthand examples, research, children's work, interviews, and terminology and share age-appropriate resources and websites relating to climate change and challenges. Filling a large void in the literature on this topic, this essential resource offers techniques and tools that professionals and caring adults can use to address the stresses associated with climate change and offer strategies for hope, resilience, and action"-- 0aAnxiety in children. 0aGrief in children. 0aYouth. 0aResilience (Personality trait) 0aClimatic changes.